000 00889nam a2200277 i 4500
001 bg
245 0 0 _aVademecum teleinformatyka II :
_b[sieci nowej generacji, technologie internetowe, metrologia sieciowa] : praca zbiorowa /
_coprac. red. Tomasz Boczyński, Tomasz Janoś, Stefan Kaczmarek].
260 _aWarszawa :
_bIDG,
_c2002.
300 _a298, [1] s. :
_brys.,wykr. ;
_c29 cm.
490 1 _aBiblioteka NetWorld
650 9 _aTelekomunikacja
650 9 _aSieć komputerowa
650 9 _aTransmisja danych
655 _aPoradniki
700 1 _aBOCZYNSKI, Tomasz.
_eRed.
700 1 _aJANOŚ, Tomasz.
_eRed.
700 1 _aKACZMAREK, Stefan.
_eRed.
830 _aBiblioteka NetWorld
020 _a839032525X
040 _cBPK
041 0 _apl
080 _a621.391:004.7](083.1)
920 _a83-903252-5-X
942 _cKS
008 s pl f |000 0 pol
999 _c41665
_d41665
856 _uhttp://koha.tu.koszalin.pl/cgi-bin/koha/opac-detail.pl?biblionumber=41665
_yKatalog online BPK